书目信息 |
| 书名: | Chemistry and physics of carbon | |
| 作者: | ||
| 分册号: | ||
| 分册名: | 出版地: | New York, NY : |
|
| 出版社: | Marcel Dekker, Inc | |
| 出版时间: | 1973-. | |
| 页数: | v. 10-19, 21, 22, 24, 25, 28, 29. | |
| 开本: | ||
| 丛书名: | ||
| 中图分类号: | ||
| 科图分类号: | ||
| 其他分类号: | O613.71:H31 | |
| 主题词: | ||
| 电子资源: | ||
| 000 | 01202nam 2200229 a 4500 | |
| 001 | E0751561395 | |
| 005 | 20070301142029.25 | |
| 008 | uu | |
| 040 | @aCcBjTSG | |
| 049 | @aN5LA | |
| 050 | 4 | @aQD181.C1 @bC45 |
| 082 | 04 | @a546.681 |
| 090 | @a2/O613.71/CPC////////660543/ v.10/661425/ v.11/853416/ v.12/885954/ v.13/*867386/v.12,cop.2/*867387/v.12,cop.3/269216/ v.15/269801/ v.14/364008/v.15,cop.2/389711/ v.17/494653/ v.18/*976085/v.13,cop.2/*976086/v.13,cop.3/*976091/v.15,cop.3/*976092/v.15,cop.4/*976089/v.16,cop.2/*976090/v.16,cop.3/*976087/v.17,cop.2/*976088/v.17,cop.3/*976093/v.18,cop.2/*976094/v.18,cop.3/790273/ v.19/400315/ v.21/414525/ v.22/*1110292/v.19,cop.2/1157686/ v.24/*1110696/v.19,cop.3/1178729/ v.25 | |
| 090 | @aO613.71:H31 | |
| 096 | @aO613.71 @v2 | |
| 099 | @dO613.71:H31@ex2:13 | |
| 245 | 00 | @aChemistry and physics of carbon |
| 260 | @aNew York, NY :@bMarcel Dekker, Inc.,@c1973-. | |
| 300 | @av. 10-19, 21, 22, 24, 25, 28, 29. | |
| 650 | 0 | @aCarbon. |
| 700 | 1 | @aWalker, P. L. @q(Philip L.), @d1928- @b00 @c20020930 @lNLC09 @h2245 @lNLC09 @h2247 @lNLC09 @h1838 @b40 @c20040615 @lNLC09 @h1517 @b40 @c20050906 @lNLC09 @h1423 |
| 852 | 9 | @bWWJC @cJ08S @k2 @hO613.71 @iCPC |
| Chemistry and physics of carbon.-New York, NY : : Marcel Dekker, Inc., , 1973-. |
| v. 10-19, 21, 22, 24, 25, 28, 29. |
| ISBN |
| ● |
| 相关链接 |
|
|
|
|
正题名:Chemistry and physics of carbon
索取号:O613.71:H31/x2:13
 
预约/预借
| 序号 | 登录号 | 条形码 | 馆藏地/架位号 | 状态 | 备注 |
| 1 | 136900 | 000637065 | 第四借阅区/ [索取号:O613.71:H31/x2:13] | 在馆 |